Chuar Disturbances/ (Record no. 197715)

MARC details
000 -LEADER
fixed length control field 00541nam a22001937a 4500
005 - DATE AND TIME OF LATEST TRANSACTION
control field 20230912162730.0
010 ## - LCCN (DPL NO)
LC control number ENG-137902
020 ## - INTERNATIONAL STANDARD BOOK NUMBER
Terms of availability 395.00
International Standard Book Number 9788192960401
035 ## - SYSTEM CONTROL NUMBER
System control number EN-121434
037 ## - SOURCE OF ACQUISITION
Source of stock number/acquisition DBAD/PUB
082 ## - DEWEY DECIMAL CLASSIFICATION NUMBER
Classification number 307.7720954
100 ## - MAIN ENTRY--PERSONAL NAME
Personal name Sengupta,Amrita
245 ## - TITLE STATEMENT
Title Chuar Disturbances/
Statement of responsibility, etc By Amrita Sengupta
250 ## - EDITION STATEMENT
Edition statement First
260 ## - PUBLICATION, DISTRIBUTION, ETC. (IMPRINT)
Place of publication, distribution, etc Kolkata
Name of publisher, distributor, etc Sreejoni
Date of publication, distribution, etc 2015
270 ## - ADDRESS
Address 170/144, NSC Bose Road
City Kolkata
Postal code 700040
300 ## - PHYSICAL DESCRIPTION
Extent 122p.
Dimensions 22cm(hbk)
942 ## - ADDED ENTRY ELEMENTS (KOHA)
Source of classification or shelving scheme Dewey Decimal Classification
Item type English Books
Classification part 307.7720954
Call number suffix SEN
Holdings
Withdrawn status Lost status Not for loan Collection code Home library Current library Date acquired Source of acquisition Cost, normal purchase price Full call number Barcode Copy number Cost, replacement price Koha item type
      Non-fiction Central Jail Tihar Central Jail Tihar 31/08/2023 DBAD/PUB 395.00 307.7720954 SEN EN-121434 1 395.00 English Books

© Delhi Public Library
Hit Counter
free hit counter